000 00332nam a2200133Ia 4500
008 240624s9999 xx 000 0 und d
041 _aeng
082 _a658.827 RAM
100 _aRAMANUJAM S
245 _aBRANDS COST CONCEPTS AND CASE STUDIES
260 _c2003
_aNew Delhi
_btaxmann
300 _a181 : p. : cm. ; 24
365 _cRS
999 _c3559
_d3559